000 00521ntaaa2200193 4500
003 01
005 20251027201630.0
008 0714s1973 ag 01
040 _aAR-BaBN
_bspa
_cAR-BaBN
_eaacr
_dRIC
082 _a231.7400 H28
100 _aHatt, Harold
_915061
245 _aEncountering truth
250 _a1 ed.
260 _aNashville :
_bAbingdon Press,
_cc1966
300 _a208 p
500 _aUn nuevo enfoque de como se encuentra la doctrina a través de la revelación
650 _aRevelación
942 _cBK
999 _c11020
_d11020